| 000 | 01073nam a2200265Ia 4500 | ||
|---|---|---|---|
| 003 | OSt | ||
| 005 | 20220923211422.0 | ||
| 006 | a|||||r|||| 00| 0 | ||
| 007 | ta | ||
| 008 | Pun | ||
| 020 |
_a9788193452905 (hbk) _c250 |
||
| 024 | _a324,150 | ||
| 037 |
_b1008, 15/01/2018, H.K. Prakashan _cTextual |
||
| 040 |
_aARTS _cARTS _bPun |
||
| 041 |
_2Pun _aPun |
||
| 082 | _aO153,1NRA:g, Q7 | ||
| 100 |
_aਕੈਰੌ੍ਵ, ਜੋਗਿੰਦਰ ਸਿੰਘ, ਥਦ. _9159445 |
||
| 245 | 0 |
_aਰਵਿੰਦਰ ਦੀ Fਾਇਰੀ _b ਸਿਰਜਣ ਪ੍ਰਕਿਰਿਆ ਅਤੇ ਪ੍ਰਕਿਰਿਆ ਅਤੇ ਸਿਰਜਣਾ ਖੇਤਰ |
|
| 260 |
_aਅ਼ੰਮ੍ਰਿਤਸਰ _b ਕੇ. ਜੀ. ਗ੍ਰਾਖ਼ਿਕਸ _c2017 |
||
| 300 |
_a176ਪੰ _ccm. |
||
| 650 | _a ਪੰਜਾਬੀ ਕਾਵਿ | ||
| 650 |
_aਪੰਜਾਾਬੀ ਸਾਹਿਤ _9156350 |
||
| 942 |
_hO153,1NRA:g, Q7 _cTEXL _2CC |
||
| 999 |
_c299282 _d299282 |
||